000 00962nam a22002175i 4500
001 164444
003 ES-MaACL
005 20250806050954.0
008 000425s1860 sp |||| | spa d
040 _aCAM
_bspa
_cCAM
100 1 _aSalgado y Guillermo, José.
_9132331
245 1 0 _aMonografía de las aguas sulfo, selénido hídricas, arseniadas, bicarbonatadas alcalino-térreo, metalicas de Carrataca /
_cpor José Salgado y Guillermo.
260 _aMadrid :
_b[s.n.],
_c1860 (
_fImprenta de Manuel Minuesa)
300 _aXVI, 267, [5] p., [1] h. de grab. pleg. ;
_c23 cm.
650 7 _aAguas minerales
_2embne
_9135517
650 4 _aBalnearios.
_9135661
651 4 _aCarrataca (Málaga)
_9137085
752 _aEspaña -
_dMadrid
852 _aES-MaACL
_jT-684-F-8
_z-- Enc. hol., conservando la enc. original
_z-- Enc. en un vol. facticio
_x-- T245: Corregir el lugar de los baños: Es Carratraca y no Carrataca
999 _c164444
_d164444